000 00616nam a2200205Ia 4500
003 LK-CoDNM
005 20240828152402.0
008 010623t1925 xxu||||| |||| 00| 1 sin d
040 _aLK-CoDNM
_dLK-CoDNM
_eLK-CoDNM
041 _asin
080 _a8A
_bG27
100 _aPiyatissa Thero,Widurupola ,ed.
245 _aSamyutta Nikaaya : Bhadantacariya Buddhaghosa Maha Thera's Saratthappakasini Commentary
260 _bThe Tipataka Publication
_aColombo
_c1925
300 _bix, 273p. : 25 cm
490 _vVol. XVI - Part I
650 _aSuthra Pitaka -Samyutta Nikaya
650 _aTripitaka
942 _cBK
999 _c92743
_d92743